00493nam a22001217a 4500003000200000005001700002008004100019040002000060100001900080245020000099260006300299300000900362020160609172139.0130812t xxu||||| |||| 00| 0 eng d aBUACbFrcBEPAC aAVODE, Auguste aEffets de différents types de fumures sur la dynamique de croissance et la production de Biomasse feuille de Artemisia annua L. sur sol ferralitique d’Abomey-calavi au BénincAVODE, Auguste aAbomey-CalavibEcole Polytechnique d’Abomey-Calavic2007 a42p.